| 000 | 00362nam a2200157Ia 4500 | ||
|---|---|---|---|
| 003 | OSt | ||
| 008 | 191201s1983 xx 000 0 und d | ||
| 082 |
_a510 _bTAC |
||
| 100 | _aTAN, Soo Tang | ||
| 245 | 0 | _aCollege Mathematics | |
| 250 | _a1st. | ||
| 260 |
_a- _bPrindle, Weber and Schmilt _c1983 |
||
| 300 | _aA 113 | ||
| 650 | _aGeneral Books | ||
| 942 |
_2ddc _cBK |
||
| 999 |
_c2478 _d2478 |
||